[Event "Ostrava Konik op-A"]
[Site "Ostrava"]
[Date "2016.05.01"]
[Round "2"]
[White "Hladik, Josef"]
[Black "Neumann, Filip"]
[Result "1-0"]
[WhiteElo "2118"]
[BlackElo "1772"]
[PlyCount "111"]
[EventDate "2016.04.30"]
[EventType "swiss"]
[EventRounds "9"]
[EventCountry "CZE"]
[SourceTitle "CBM 172 Extra"]
[Source "ChessBase"]
[SourceDate "2016.06.21"]
[SourceVersion "1"]
[SourceVersionDate "2016.06.21"]
[SourceQuality "1"]

1. d4 c5 2. c3 d5 3. Nf3 Nf6 4. e3 cxd4 5. exd4 Nc6 6. Bd3 g6 7. Bf4 Bg7 8. 0-0 0-0 9. Re1 Bf5 10. h3 Rc8 11. Na3 e6 12. Bf1 h6 13. Ne5 g5 14. Bh2 Nxe5 15. dxe5 Nd7 16. Nb5 Qb6 17. Nd6 Qxb2 18. Nxf5 exf5 19. Qxd5 Rfd8 20. e6 Ne5 21. exf7+ Nxf7 22. Qxf5 Bxc3 23. Re7 Rf8 24. Rb1 Qxa2 25. Bd3 Rfd8 26. Bc7 Re8 27. Qh7+ Kf8 28. Rxf7+ Qxf7 29. Bd6+ Re7 30. Qxh6+ Bg7 31. Qxg5 b6 32. Re1 Bf6 33. Bxe7+ Bxe7 34. Qh6+ Kg8 35. Bh7+ Qxh7 36. Qxh7+ Kxh7 37. Rxe7+ Kg6 38. Rxa7 Rb8 39. Ra4 b5 40. Rb4 Kf5 41. Kf1 Ke5 42. Ke2 Kd5 43. Kd3 Kc5 44. Kc3 Ra8 45. Kb3 Rd8 46. Rf4 Rd3+ 47. Kc2 Ra3 48. h4 Ra1 49. h5 Rh1 50. g4 Rh2 51. Kc3 Rg2 52. h6 Rh2 53. Rf5+ Kd6 54. Rh5 Rxh5 55. gxh5 Ke6 56. h7 1-0

[Event "CZE-chT1E 1415"]
[Site "Czech Republic"]
[Date "2015.03.01"]
[Round "9.6"]
[White "Cagasik, Tomas"]
[Black "Hladik, Josef"]
[Result "1/2-1/2"]
[WhiteElo "2235"]
[BlackElo "2139"]
[PlyCount "93"]
[EventDate "2014.10.19"]
[EventType "team-tourn"]
[EventRounds "11"]
[EventCountry "CZE"]
[SourceTitle "EXT 2016"]
[Source "ChessBase"]
[SourceDate "2015.10.08"]
[SourceVersion "1"]
[SourceVersionDate "2015.10.08"]
[SourceQuality "1"]
[WhiteTeam "Kromeriz"]
[BlackTeam "Brno Duras II"]
[WhiteTeamCountry "CZE"]
[BlackTeamCountry "CZE"]

1. e4 d5 2. exd5 Qxd5 3. Nc3 Qd6 4. d4 Nf6 5. Bc4 c6 6. Nge2 Bf5 7. Bf4 Qd8 8. 0-0 e6 9. Qd2 Be7 10. Rae1 0-0 11. Ng3 Bg6 12. Nce4 Nbd7 13. c3 Nb6 14. Bb3 a5 15. Nxf6+ Bxf6 16. Ne4 Bxe4 17. Rxe4 Nd5 18. Bg3 g6 19. Re2 a4 20. Bc2 b5 21. a3 Bg5 22. Qe1 Bf4 23. f3 Qg5 24. Be4 Bxg3 25. hxg3 Rac8 26. Kf2 h5 27. Rh1 Kg7 28. Bxd5 cxd5 29. Re5 Qf6 30. Qe2 Rh8 31. Rh4 Rb8 32. Qd2 Rb6 33. Re1 Kf8 34. Qe3 Qe7 35. Qe5 f6 36. Qe2 g5 37. Rh2 Qf7 38. Reh1 Qg6 39. Ke3 Kf7 40. g4 h4 41. g3 e5 42. Qc2 e4 43. fxe4 Re6 44. e5 Qxc2 45. Rxc2 fxe5 46. gxh4 gxh4 47. Rf2+ 1/2-1/2

[Event "CZE-chT2E 1415"]
[Site "Czech Republic"]
[Date "2015.01.25"]
[Round "6.2"]
[White "Hladik, Josef"]
[Black "Bednar, Jaromir"]
[Result "1/2-1/2"]
[WhiteElo "2139"]
[BlackElo "2249"]
[PlyCount "105"]
[EventDate "2014.11.02"]
[EventType "team-tourn"]
[EventRounds "11"]
[EventCountry "CZE"]
[SourceTitle "EXT 2022"]
[Source "ChessBase"]
[SourceDate "2021.10.06"]
[SourceVersion "1"]
[SourceVersionDate "2021.10.06"]
[SourceQuality "1"]
[WhiteTeam "Brno Vinohrady"]
[BlackTeam "Dalesice Pivovar"]
[WhiteTeamCountry "CZE"]
[BlackTeamCountry "CZE"]

1. b3 Nf6 2. Bb2 g6 3. Bxf6 exf6 4. c4 f5 5. Nc3 Bg7 6. Rc1 0-0 7. e3 Nc6 8. Nge2 a6 9. d4 Re8 10. g3 Rb8 11. Bg2 d6 12. 0-0 Bd7 13. Qd2 Ne7 14. Nf4 c6 15. a4 a5 16. Rfd1 Kh8 17. h4 Ng8 18. Qd3 Nf6 19. Qc2 Re7 20. d5 c5 21. Qd3 Qb6 22. Bf3 Rbe8 23. Nb5 h6 24. Kg2 Ne4 25. Re1 Bc8 26. Qc2 Qd8 27. Rh1 Nf6 28. Rce1 Ng4 29. Qd2 Kg8 30. Bd1 Bf6 31. Bc2 Be5 32. Bd3 Bg7 33. Bc2 Qb6 34. Bb1 Bd7 35. Bc2 h5 36. Bb1 Re5 37. Bc2 Bxb5 38. axb5 Qd8 39. Nd3 R5e7 40. Nf4 b6 41. Re2 Ne5 42. Nd3 Nd7 43. Nf4 Bh6 44. Rhe1 Nf6 45. f3 Nd7 46. Kf2 Kf8 47. Nd3 Nb8 48. Qc3 Bg7 49. Qd2 Ra7 50. Kg2 Qf6 51. e4 fxe4 52. Rxe4 Rae7 53. Nf2 1/2-1/2

[Event "CZE-chT2E 1415"]
[Site "Czech Republic"]
[Date "2015.01.11"]
[Round "5.2"]
[White "Kratochvil, Josef"]
[Black "Hladik, Josef"]
[Result "1/2-1/2"]
[WhiteElo "2236"]
[BlackElo "2139"]
[PlyCount "103"]
[EventDate "2014.11.02"]
[EventType "team-tourn"]
[EventRounds "11"]
[EventCountry "CZE"]
[SourceTitle "EXT 2022"]
[Source "ChessBase"]
[SourceDate "2021.10.06"]
[SourceVersion "1"]
[SourceVersionDate "2021.10.06"]
[SourceQuality "1"]
[WhiteTeam "Lipovec Garde"]
[BlackTeam "Brno Vinohrady"]
[WhiteTeamCountry "CZE"]
[BlackTeamCountry "CZE"]

1. e4 Nf6 2. e5 Nd5 3. d4 d6 4. c4 Nb6 5. exd6 exd6 6. Nc3 Be7 7. Be3 0-0 8. Bd3 Nc6 9. b3 Bf6 10. Nge2 Re8 11. 0-0 Bg4 12. Qd2 Bxe2 13. Nxe2 d5 14. c5 Nc8 15. b4 b6 16. cxb6 cxb6 17. Bxh7+ Kxh7 18. Qc2+ Kg8 19. Qxc6 Ne7 20. Qc2 Qd7 21. Ng3 Rac8 22. Qd2 Qg4 23. Rac1 Nf5 24. h3 Qg6 25. Nxf5 Qxf5 26. Rxc8 Rxc8 27. Rc1 Rc4 28. b5 Qc8 29. Rxc4 Qxc4 30. Qb2 Be7 31. Qb3 Qxb3 32. axb3 Bf6 33. Kf1 g6 34. Ke2 Bd8 35. Bf4 f5 36. Ke3 Kf7 37. g3 g5 38. Bd6 Kg6 39. f3 Kh5 40. g4+ fxg4 41. hxg4+ Kh4 42. Kf2 Kh3 43. Be5 Be7 44. Bb8 Bd8 45. Ke3 Kh4 46. Ke2 Kh3 47. Kf1 Bf6 48. Be5 Be7 49. Kf2 Bd8 50. Bb8 Bf6 51. Ke3 Bd8 52. Be5 1/2-1/2

[Event "CZE-chT2D 1112"]
[Site "Czech Republic"]
[Date "2012.01.22"]
[Round "6.1"]
[White "Zeberski, Jakub"]
[Black "Hladik, Josef"]
[Result "1-0"]
[WhiteElo "2374"]
[BlackElo "2176"]
[PlyCount "77"]
[EventDate "2011.10.09"]
[EventType "team-tourn"]
[EventRounds "11"]
[EventCountry "CZE"]
[SourceTitle "EXT 2013"]
[Source "ChessBase"]
[SourceDate "2012.11.22"]
[SourceVersion "1"]
[SourceVersionDate "2012.11.22"]
[SourceQuality "1"]
[WhiteTeam "Rychnov nad Kneznou"]
[BlackTeam "Brno Lokomotiva"]
[WhiteTeamCountry "CZE"]
[BlackTeamCountry "CZE"]

1. e4 Nf6 2. e5 Nd5 3. d4 d6 4. Nf3 dxe5 5. Nxe5 c6 6. Bc4 Nd7 7. Nf3 N7b6 8. Bb3 g6 9. 0-0 Bg7 10. Re1 0-0 11. Nbd2 Nc7 12. c3 Be6 13. Bc2 Bd5 14. Ne4 Nc4 15. Nc5 Bxf3 16. Qxf3 Nd6 17. Bg5 Nd5 18. Re2 Qc7 19. Rae1 e6 20. h4 b6 21. Ne4 Rac8 22. h5 Nxe4 23. Bxe4 Rfe8 24. c4 Ne7 25. h6 Bf8 26. Bf6 Qd7 27. Be5 f5 28. Qf4 Kf7 29. g4 Ng8 30. g5 Red8 31. Bc2 c5 32. d5 Re8 33. d6 Red8 34. Rd2 Qc6 35. Red1 Rd7 36. Rd3 Rcd8 37. R1d2 a5 38. Bd1 Qe4 39. Bf3 1-0

[Event "Pardubice Czech op 22nd"]
[Site "Pardubice"]
[Date "2011.07.30"]
[Round "9"]
[White "Hladik, Josef"]
[Black "Vlasak, Lukas"]
[Result "1/2-1/2"]
[WhiteElo "2141"]
[BlackElo "2308"]
[PlyCount "49"]
[EventDate "2011.07.22"]
[EventType "swiss"]
[EventRounds "9"]
[EventCountry "CZE"]
[SourceTitle "CBM 143 Extra"]
[Source "ChessBase"]
[SourceDate "2011.08.29"]
[SourceVersion "1"]
[SourceVersionDate "2011.08.29"]
[SourceQuality "1"]

1. e4 c5 2. Nf3 d6 3. c3 Nf6 4. Bc4 e6 5. Qe2 Be7 6. d3 0-0 7. 0-0 Nc6 8. Bb3 b6 9. Rd1 Ba6 10. Nbd2 Qc7 11. Nf1 Rfe8 12. Ng3 h6 13. Bc2 Bf8 14. Bf4 e5 15. Bc1 d5 16. Qe1 Rad8 17. h3 Bb7 18. Nh2 Qc8 19. Qe2 dxe4 20. dxe4 Rxd1+ 21. Qxd1 Rd8 22. Qf3 Qe6 23. Bb3 c4 24. Bc2 Nd7 25. b4 1/2-1/2

[Event "Pardubice Czech op 22nd"]
[Site "Pardubice"]
[Date "2011.07.24"]
[Round "3"]
[White "Hladik, Josef"]
[Black "Graf, Felix"]
[Result "1/2-1/2"]
[WhiteElo "2141"]
[BlackElo "2352"]
[PlyCount "65"]
[EventDate "2011.07.22"]
[EventType "swiss"]
[EventRounds "9"]
[EventCountry "CZE"]
[SourceTitle "CBM 143 Extra"]
[Source "ChessBase"]
[SourceDate "2011.08.29"]
[SourceVersion "1"]
[SourceVersionDate "2011.08.29"]
[SourceQuality "1"]

1. e4 e6 2. Qe2 c5 3. Nf3 Nc6 4. g3 d6 5. Bg2 Be7 6. 0-0 h5 7. h4 Nf6 8. c3 d5 9. d3 dxe4 10. dxe4 Ng4 11. Rd1 Qc7 12. a4 Bd7 13. Na3 Rd8 14. Nc4 Kf8 15. e5 Na5 16. Bf4 Nxc4 17. Qxc4 Bc6 18. Rxd8+ Qxd8 19. Qe2 g6 20. Nd2 Bxg2 21. Kxg2 g5 22. hxg5 Bxg5 23. Bxg5 Qxg5 24. f4 Qg6 25. Nf3 h4 26. Nxh4 Rxh4 27. gxh4 Nxe5+ 28. Kf1 Nd3 29. Qg2 Qf5 30. Qg5 Qe4 31. Qd8+ Kg7 32. Qg5+ Kf8 33. Qd8+ 1/2-1/2

[Event "Pardubice Czech op"]
[Site "Pardubice"]
[Date "2007.07.21"]
[Round "2"]
[White "Hladik, Josef"]
[Black "Lechtynsky, Jiri"]
[Result "1/2-1/2"]
[WhiteElo "2216"]
[BlackElo "2447"]
[PlyCount "44"]
[EventDate "2007.07.20"]
[EventType "swiss"]
[EventRounds "9"]
[EventCountry "CZE"]
[SourceTitle "CBM 119 Extra"]
[Source "ChessBase"]
[SourceDate "2007.09.04"]
[SourceVersion "1"]
[SourceVersionDate "2007.09.04"]
[SourceQuality "1"]

1. Nf3 Nf6 2. g3 g6 3. b3 Bg7 4. Bb2 c5 5. c4 d6 6. Bg2 Nc6 7. 0-0 0-0 8. Nc3 Ne4 9. Qc1 Nxc3 10. Bxc3 e5 11. d3 h6 12. e4 Kh7 13. Ne1 Rb8 14. Nc2 Be6 15. f4 Nd4 16. Nxd4 exd4 17. Bd2 f5 18. a4 a5 19. Qc2 b6 20. Rae1 Qd7 21. h4 h5 22. Kh2 Rbe8 1/2-1/2

[Event "Pardubice op-A"]
[Site "Pardubice"]
[Date "2005.07.24"]
[Round "3"]
[White "Hladik, Josef"]
[Black "Korotkjevich, Stanislav"]
[Result "0-1"]
[WhiteElo "2218"]
[BlackElo "2349"]
[PlyCount "88"]
[EventDate "2005.07.22"]
[EventType "swiss"]
[EventRounds "9"]
[EventCountry "CZE"]
[SourceTitle "CBM 107 Extra"]
[Source "ChessBase"]
[SourceDate "2005.09.01"]
[SourceVersion "1"]
[SourceVersionDate "2005.09.01"]
[SourceQuality "1"]

1. Nf3 d6 2. d4 Bg4 3. c3 Bxf3 4. exf3 Nf6 5. g3 e6 6. Bg2 Be7 7. Nd2 d5 8. f4 0-0 9. 0-0 c5 10. dxc5 Bxc5 11. Nb3 Bb6 12. Qe2 Nc6 13. Rd1 Qe7 14. Be3 Nd7 15. c4 dxc4 16. Qxc4 Rac8 17. Rac1 Bxe3 18. fxe3 Nb6 19. Qb5 Nd5 20. Qe2 Nf6 21. Nc5 e5 22. fxe5 Nxe5 23. Nxb7 Neg4 24. Rxc8 Rxc8 25. h3 Nxe3 26. Re1 Re8 27. Bc6 Qe5 28. Qf3 Re7 29. Qf4 Qxb2 30. Rxe3 Qc1+ 31. Kf2 Rxe3 32. Qxe3 Qxc6 33. Qxa7 h5 34. Nc5 Qxc5+ 35. Qxc5 Ne4+ 36. Ke3 Nxc5 37. Kd4 Na6 38. a4 Kf8 39. a5 Ke7 40. Ke5 Kd7 41. Kf5 Nc5 42. Kg5 Ne4+ 43. Kf4 Nxg3 44. Kxg3 g5 0-1